000 00477nam a22001457a 4500
005 20250902112000.0
008 250902b |||||||| |||| 00| 0 eng d
100 _aKETA KIDA JACOB
245 _aIMPLICATION OF FISHERS' LIVELIHOODS ON POVERTY REDUCTION ALONG LAKE VICTORIA BASIN : A CASE OF MBITA SUB-COUNTY, KENYA
260 _aKISII
_bKISII UNIVERSITY
_c2017
300 _aXIV,145P.
500 _aINCLUDES AN INDEX
650 _aFISHERIES-LAKE VICTORIA
942 _2lcc
_cREF
999 _c216063
_d216063